000 00662nam a22001815i 4500
001 167530
003 ES-MaACL
005 20231227150221.0
008 000126s1887 sp f |||| | spa d
100 1 _aVilanova y Piera, Juan,
_d1821-1893
_9114785
245 1 0 _aCongresos médicos de Amberes y Perusa /
_cpor J. Vilanova y Piera.
260 _aMadrid :
_b[s.n.],
_c1887 (
_fEst. Tip. de "La Publicidad")
300 _a506 p., [6] h. pleg. de lám. ;
_c: 23 cm.
650 4 _aMedicina-
_vCongresos y asambleas.
_9163479
650 4 _aHigiene-
_vCongresos y asambleas.
_9161772
852 _aES-MaACL
_jF-13497
_z- Enc. hol.
999 _c167530
_d167530